Mastering Software Project Management : best practices, tools and techniques (Record no. 12113)
[ view plain ]
| 000 -LEADER | |
|---|---|
| fixed length control field | 00579nam a22001577a 4500 |
| 020 ## - INTERNATIONAL STANDARD BOOK NUMBER | |
| International Standard Book Number | 9788131515365 |
| 082 ## - DEWEY DECIMAL CLASSIFICATION NUMBER | |
| Classification number | 005.1068 |
| 100 ## - MAIN ENTRY--PERSONAL NAME | |
| Personal name | Chemuturi, Murali |
| 245 ## - TITLE STATEMENT | |
| Title | Mastering Software Project Management : best practices, tools and techniques |
| 260 ## - PUBLICATION, DISTRIBUTION, ETC. | |
| Place of publication, distribution, etc. | New Delhi |
| Name of publisher, distributor, etc. | Cengage Learning |
| Date of publication, distribution, etc. | 2010 |
| 300 ## - PHYSICAL DESCRIPTION | |
| Extent | xvii, 390 p. |
| Other physical details | ill. ; |
| 500 ## - GENERAL NOTE | |
| General note | Includes index. |
| 650 ## - SUBJECT ADDED ENTRY--TOPICAL TERM | |
| Topical term or geographic name entry element | 1. Software engineering. 2. Project management -- Computer network resources. 3. Computer software -- Development. 4. Computer software -- Management. |
| 700 ## - ADDED ENTRY--PERSONAL NAME | |
| Personal name | Cagley, Thomas M. |
| 942 ## - ADDED ENTRY ELEMENTS (KOHA) | |
| Koha item type | Book |
| Withdrawn status | Lost status | Damaged status | Not for loan | Collection code | Permanent Location | Current Location | Shelving location | Date acquired | Source of acquisition | Cost, normal purchase price | Total Checkouts | Full call number | Barcode | Date last seen | Date last checked out | Price effective from | Koha item type |
|---|---|---|---|---|---|---|---|---|---|---|---|---|---|---|---|---|---|
| Central Library (CL) | Central Library (CL) | First Floor - Software Engineering/ Programming Language | 07/17/2013 | Allied Book Company | 499.50 | 1 | 005.1068 CHE | SEECS012619 | 02/15/2022 | 02/10/2022 | 07/18/2013 | Book |
